Ung Chính hoàng đế

Đã lưu trong:
书目详细资料
主要作者: NHỊ NGUYỆT HÀ
格式: 图书
语言:Undetermined
出版: H. Hội Nhà Văn 2001
主题:
标签: 添加标签
没有标签, 成为第一个标记此记录!
Thư viện lưu trữ: Trung tâm Học liệu Trường Đại học Cần Thơ
LEADER 00523nam a2200169Ia 4500
001 CTU_50696
008 210402s9999 xx 000 0 und d
082 |a 895.13081 
082 |b H100/T6 
100 |a NHỊ NGUYỆT HÀ 
245 0 |a Ung Chính hoàng đế 
245 0 |c NHỊ NGUYỆT HÀ 
260 |a H. 
260 |b Hội Nhà Văn 
260 |c 2001 
650 |a chinese literature - 20th century,historical fiction, chinese ( vietnamese ) 
980 |a Trung tâm Học liệu Trường Đại học Cần Thơ